[Event "MMaS_2014_U14"]
[Site "?"]
[Date "2014.10.26"]
[Round "4.12"]
[White "Dejmal, Ondrej"]
[Black "Slesinger, David"]
[Result "1-0"]
[WhiteElo "1501"]
[BlackElo "1433"]
[PlyCount "117"]
[EventDate "2014.10.25"]

1. e4 e5 2. Nf3 Nc6 3. Bc4 Bc5 4. c3 Nf6 5. d4 exd4 6. cxd4 Bb4+ 7. Nc3 Nxe4 8.
O-O Bxc3 9. bxc3 d5 10. Re1 O-O 11. Bd3 Re8 12. Ng5 Nxc3 13. Bxh7+ Kh8 14.
Nxf7+ Kxh7 15. Nxd8 Nxd1 16. Rxe8 Bd7 17. Re1 Rxd8 18. Rxd1 Bf5 19. Bf4 Rd7 20.
f3 Nb4 21. a3 Nc2 22. Ra2 Re7 23. Be5 Ne3 24. Re1 Nc4 25. g4 Bg6 26. Kf2 b6 27.
h4 c5 28. Ree2 Bd3 29. Re1 Bg6 30. f4 Be8 31. Raa1 g6 32. Re2 Bd7 33. g5 Bg4
34. Ree1 Nb2 35. Rg1 Bf5 36. Ra2 Nc4 37. a4 Na5 38. dxc5 bxc5 39. Bd6 Rd7 40.
Bxc5 d4 41. Bb4 Nc4 42. Rd1 Bg4 43. Rc1 Be6 44. Re2 d3 45. Rxe6 d2 46. Rd1 a5
47. Re7+ Rxe7 48. Bxe7 Kg7 49. Bf6+ Kf7 50. Bc3 Ke6 51. Bxd2 Nb2 52. Re1+ Kf5
53. Kg3 Nd3 54. Re5+ Nxe5 55. fxe5 Kxe5 56. Bxa5 Ke6 57. Bc3 Kd6 58. Kf4 Ke6
59. a5 1-0

[Event "MMaS_2014_U14"]
[Site "?"]
[Date "2014.10.27"]
[Round "6.1"]
[White "Vraj, Ondrej"]
[Black "Glozar, Petr"]
[Result "0-1"]
[WhiteElo "1843"]
[BlackElo "1813"]
[PlyCount "52"]
[EventDate "2014.??.??"]

1. e4 c5 2. Nf3 Nc6 3. d4 cxd4 4. Nxd4 Nf6 5. Nc3 d6 6. f3 e5 7. Nb3 Be7 8. Be3
Be6 9. Qd2 O-O 10. O-O-O a5 11. Na4 Nb4 12. Kb1 Rc8 13. Rc1 d5 14. exd5 Nfxd5
15. g4 Nxe3 16. Qxe3 Bg5 17. Qxe5 Bxb3 18. axb3 Bxc1 19. Bc4 Bg5 20. h4 Bf6 21.
Qf5 g6 22. Qf4 Qd4 23. Qg3 Rxc4 24. Rc1 Rc6 25. h5 Nxc2 26. Nc3 Rxc3 0-1

[Event "MMaS_2014_U14"]
[Site "?"]
[Date "2014.10.27"]
[Round "6.2"]
[White "Chlebek, Jan"]
[Black "Jurasek, Vojtech"]
[Result "0-1"]
[WhiteElo "1643"]
[BlackElo "1722"]
[PlyCount "94"]
[EventDate "2014.??.??"]

1. e4 c5 2. Nf3 e6 3. d4 cxd4 4. Nxd4 a6 5. Nc3 Qc7 6. Bd3 Nf6 7. O-O Be7 8.
Kh1 d6 9. f4 b5 10. e5 Nfd7 11. Bxb5 axb5 12. Ndxb5 Qb6 13. exd6 Bd8 14. f5 e5
15. Qg4 Rg8 16. f6 h5 17. Qxg7 Nxf6 18. Nc7+ Qxc7 19. dxc7 Rxg7 20. cxd8=Q+
Kxd8 21. Rxf6 Nd7 22. Bh6 Rxg2 23. Kxg2 Nxf6 24. Bg5 Ra6 25. Rf1 Bb7+ 26. Kg3
Ke7 27. Kh4 e4 28. Rxf6 Rxf6 29. Kxh5 e3 30. Bxf6+ Kxf6 31. Kg4 Ke5 32. h4 f5+
33. Kg5 f4 34. h5 f3 35. h6 Be4 36. Nxe4 Kxe4 37. h7 f2 38. h8=Q f1=Q 39. Qe8+
Kf3 40. Qh5+ Kf2 41. Qh4+ Ke2 42. Qg4+ Qf3 43. Qc4+ Kf2 44. Qc5 Kg2 45. Kh4 e2
46. Qg5+ Kh1 47. Qc1+ Qf1 0-1

[Event "MMaS_2014_U14"]
[Site "?"]
[Date "2014.10.27"]
[Round "6.3"]
[White "Klubal, Jiri"]
[Black "Pavlik, Vladimir"]
[Result "1/2-1/2"]
[WhiteElo "1524"]
[BlackElo "1508"]
[PlyCount "53"]
[EventDate "2014.??.??"]

1. e4 c5 2. Nf3 Nc6 3. d4 cxd4 4. Nxd4 g6 5. Be3 Bg7 6. Nc3 Nf6 7. Bc4 O-O 8.
f3 Qb6 9. Qd2 Nxe4 10. Nxe4 Nxd4 11. Bxd4 Qxd4 12. Qxd4 Bxd4 13. O-O-O Bg7 14.
Rhe1 e6 15. Nd6 Rd8 16. f4 Bf8 17. Re3 a6 18. Be2 Bxd6 19. Rxd6 b5 20. Bf3 Ra7
21. Red3 Rc7 22. Kd2 Kf8 23. c3 Ke7 24. Ke3 Rc5 25. b4 Rc4 26. g4 h6 27. h3
1/2-1/2

[Event "MMaS_2014_U14"]
[Site "?"]
[Date "2014.10.27"]
[Round "6.4"]
[White "Budik, Pavel"]
[Black "Sramek, Vojtech"]
[Result "1/2-1/2"]
[WhiteElo "1616"]
[BlackElo "1709"]
[PlyCount "29"]
[EventDate "2014.10.25"]

1. e4 d5 2. exd5 Nf6 3. Nc3 Nxd5 4. Nxd5 Qxd5 5. Nf3 Bg4 6. Be2 e6 7. O-O Nc6
8. d3 Be7 9. Be3 f6 10. h3 Bf5 11. Nh4 Bg6 12. Nxg6 hxg6 13. Bf3 Qd7 14. d4
O-O-O 15. c3 1/2-1/2

[Event "MMaS_2014_U14"]
[Site "?"]
[Date "2014.10.27"]
[Round "6.5"]
[White "Chwistek, Karel"]
[Black "Zitny, Michal"]
[Result "1-0"]
[WhiteElo "1695"]
[BlackElo "1654"]
[PlyCount "65"]
[EventDate "2014.10.25"]

1. e4 c6 2. d4 d5 3. Nc3 dxe4 4. Nxe4 Bf5 5. Ng3 Bg6 6. Nf3 Nf6 7. Bd3 Bxd3 8.
Qxd3 e6 9. Bg5 Be7 10. O-O Nbd7 11. c4 O-O 12. Bf4 Nb6 13. Ng5 h6 14. N5e4 c5
15. Rfd1 Qxd4 16. Qxd4 cxd4 17. Rxd4 Rfd8 18. Rxd8+ Rxd8 19. b3 Nxe4 20. Nxe4
f5 21. Ng3 Kf7 22. Be5 g6 23. Kf1 Rd2 24. Ke1 Bb4 25. a3 Rd5+ 26. axb4 Rxe5+
27. Kd2 a6 28. f4 Re4 29. Nxe4 fxe4 30. Ke3 Nd7 31. Kxe4 Nf6+ 32. Kf3 h5 33. h3
1-0

[Event "MMaS_2014_U14"]
[Site "?"]
[Date "2014.10.27"]
[Round "6.6"]
[White "Nytra, Ondrej"]
[Black "Oplustil, David"]
[Result "1/2-1/2"]
[WhiteElo "1583"]
[BlackElo "1624"]
[PlyCount "73"]
[EventDate "2014.10.25"]

1. e4 c5 2. Nf3 d6 3. d4 cxd4 4. Nxd4 Nf6 5. Nc3 g6 6. Be2 Bg7 7. O-O O-O 8.
Be3 Nc6 9. Nb3 Bd7 10. Kh1 a6 11. f4 Qc7 12. f5 Ne5 13. h3 Bc6 14. Bd3 Nh5 15.
Bf4 Nxf4 16. Rxf4 d5 17. Rf2 dxe4 18. Nxe4 Nxd3 19. cxd3 gxf5 20. Rxf5 Bxe4 21.
dxe4 Bxb2 22. Qg4+ Kh8 23. Raf1 Rg8 24. Qe2 Bf6 25. e5 Bg7 26. Rxf7 Raf8 27.
Rxf8 Rxf8 28. Rxf8+ Bxf8 29. Qf3 Bg7 30. Qf7 Qd8 31. Qh5 h6 32. e6 Qf8 33. Kg1
Qf6 34. Qd5 Qe5 35. Qd8+ Kh7 36. Qxe7 Qe1+ 37. Kh2 1/2-1/2

[Event "MMaS_2014_U14"]
[Site "?"]
[Date "2014.10.27"]
[Round "6.7"]
[White "Broz, Petr"]
[Black "Vraj, Karel"]
[Result "0-1"]
[WhiteElo "1438"]
[BlackElo "1767"]
[PlyCount "44"]
[EventDate "2014.10.25"]

1. e4 c5 2. Nf3 d6 3. d4 cxd4 4. Nxd4 Nf6 5. Nc3 g6 6. Be3 Bg7 7. f3 O-O 8. Qd2
Nc6 9. Bc4 Bd7 10. O-O-O a6 11. h4 b5 12. Bb3 b4 13. Nd5 Nxd5 14. Bxd5 Rc8 15.
Bh6 Nxd4 16. Kb1 Rxc2 17. Qxb4 a5 18. Qa3 Nb5 19. Qd3 Rxb2+ 20. Kc1 Qc7+ 21.
Qc4 Qxc4+ 22. Bxc4 Rxg2 0-1

[Event "MMaS_2014_U14"]
[Site "?"]
[Date "2014.10.27"]
[Round "6.8"]
[White "Barak, David"]
[Black "Zelnitius, Albert"]
[Result "1-0"]
[WhiteElo "1600"]
[BlackElo "1381"]
[PlyCount "84"]
[EventDate "2014.10.25"]

1. e4 e5 2. Nf3 Nc6 3. Bb5 Nf6 4. d3 a6 5. Bxc6 dxc6 6. Nxe5 Bc5 7. O-O O-O 8.
h3 b6 9. Nc3 Re8 10. Nf3 Bb7 11. Bf4 Re7 12. a3 Bd4 13. Nxd4 Qxd4 14. Qf3 c5
15. Rfe1 h6 16. Qe3 Rae8 17. Qxd4 cxd4 18. Ne2 c5 19. a4 a5 20. Bh2 Re6 21. Ng3
Rc8 22. b3 Rce8 23. Nf5 Rc8 24. Nd6 Rc7 25. Nc4 Rcc6 26. Bb8 Nd7 27. Bg3 Nf6
28. f4 Nh5 29. Bh2 Re8 30. Re2 Nf6 31. g4 Rce6 32. f5 Rc6 33. Rg2 Ba6 34. g5
hxg5 35. Rxg5 Bxc4 36. bxc4 Nd7 37. Rb1 f6 38. Rg2 Kf7 39. Kf2 Rh8 40. Rbg1
Rxh3 41. Rxg7+ Ke8 42. Rg8+ Ke7 1-0

[Event "MMaS_2014_U14"]
[Site "?"]
[Date "2014.10.27"]
[Round "6.9"]
[White "Ochmyt, Jakub"]
[Black "Kriz, Vojtech"]
[Result "1-0"]
[WhiteElo "1585"]
[BlackElo "1464"]
[PlyCount "93"]
[EventDate "2014.10.25"]

1. d4 d5 2. c4 e6 3. Nc3 c5 4. cxd5 exd5 5. Bf4 Be6 6. e3 cxd4 7. exd4 Nc6 8.
Bb5 Bd6 9. Bxd6 Qxd6 10. Nge2 Nge7 11. O-O O-O 12. Rc1 Rac8 13. Ng3 Nf5 14.
Nxf5 Bxf5 15. Qb3 Nxd4 16. Qxd5 Qxd5 17. Nxd5 Rxc1 18. Rxc1 Nxb5 19. Ne7+ Kh8
20. Nxf5 g6 21. Rc5 Rd8 22. Kf1 Nd4 23. Nxd4 Rxd4 24. Rc7 Rb4 25. b3 Kg7 26.
Ke2 Rb6 27. Kd3 Kf6 28. Kc4 Ke6 29. a4 Rc6+ 30. Rxc6+ bxc6 31. Kc5 Kd7 32. b4
Kc7 33. Kc4 Kb6 34. Kd4 f5 35. h4 a5 36. Kc4 Ka6 37. h5 axb4 38. Kxb4 Kb6 39.
hxg6 hxg6 40. a5+ Ka6 41. Kc5 Kxa5 42. Kxc6 Kb4 43. Kd5 Kc3 44. Ke5 Kd3 45. Kf6
Ke2 46. f4 Ke3 47. g3 1-0

[Event "MMaS_2014_U14"]
[Site "?"]
[Date "2014.10.27"]
[Round "6.10"]
[White "Filip, Tomas"]
[Black "Kolar, Radomir"]
[Result "1-0"]
[WhiteElo "1780"]
[BlackElo "1441"]
[PlyCount "82"]
[EventDate "2014.10.25"]

1. e4 e5 2. Nf3 Nc6 3. Bb5 a6 4. Ba4 Nf6 5. d3 d6 6. c3 Bg4 7. O-O Be7 8. Nbd2
O-O 9. h3 Bh5 10. Re1 Nd7 11. Bb3 Kh8 12. g4 Bg6 13. Nf1 Na5 14. Bc2 Nb6 15. d4
Nc6 16. Ng3 Bf6 17. b3 exd4 18. cxd4 Re8 19. Bb2 h6 20. Qd2 Qd7 21. Rad1 Rad8
22. Bb1 d5 23. e5 Be7 24. Bxg6 Bb4 25. Bc3 Bxc3 26. Qxc3 fxg6 27. Qc2 Qf7 28.
Kg2 Rf8 29. Nh4 Nb4 30. Qd2 Nc6 31. Rf1 Kh7 32. Qc2 Nb4 33. Qb1 Nc6 34. f4 Ne7
35. f5 gxf5 36. Ngxf5 Nxf5 37. Rxf5 Kg8 38. Rxf7 Rxf7 39. Qg6 Rdf8 40. Nf5 Nd7
41. Nxh6+ Kh8 1-0

[Event "MMaS_2014_U14"]
[Site "?"]
[Date "2014.10.27"]
[Round "6.11"]
[White "Bauer, Miroslav"]
[Black "Jiricek, Vojtech"]
[Result "1-0"]
[WhiteElo "1488"]
[BlackElo "1605"]
[PlyCount "59"]
[EventDate "2014.10.25"]

1. e4 e5 2. Nf3 Nc6 3. d4 exd4 4. Nxd4 Bc5 5. Nb3 Bb6 6. Nc3 Nf6 7. Bd3 h6 8.
O-O O-O 9. Re1 d6 10. Bf4 Ne5 11. Bxe5 dxe5 12. h3 Be6 13. Qd2 c5 14. Qe2 a6
15. Na4 Bxb3 16. Nxb6 Qxb6 17. axb3 Qc6 18. c4 Rad8 19. Rad1 Rd4 20. Bc2 Rfd8
21. Rxd4 Rxd4 22. Bd3 Qd6 23. Rd1 Nxe4 24. Bc2 Rxd1+ 25. Bxd1 Qd4 26. Bc2 Nf6
27. Qf3 Qxb2 28. Qe2 e4 29. f3 exf3 30. Bh7+ 1-0

[Event "MMaS_2014_U14"]
[Site "?"]
[Date "2014.10.27"]
[Round "6.12"]
[White "Novak, Jan"]
[Black "Pekarek, Ales"]
[Result "1-0"]
[WhiteElo "1279"]
[BlackElo "1539"]
[PlyCount "103"]
[EventDate "2014.10.25"]

1. e4 e6 2. d4 d5 3. e5 c5 4. c3 Qb6 5. a3 Nc6 6. Nf3 Nge7 7. b4 cxd4 8. cxd4
Nf5 9. Bb2 a5 10. Bd3 Nfxd4 11. Nxd4 Nxd4 12. Bxd4 Qc7 13. Bb5+ Bd7 14. Bxd7+
Qxd7 15. O-O axb4 16. axb4 Rxa1 17. Bxa1 Bxb4 18. Qb3 Be7 19. Rc1 O-O 20. Bb2
f6 21. exf6 Bxf6 22. Bxf6 Rxf6 23. Na3 Rf8 24. Nb5 Rc8 25. Rxc8+ Qxc8 26. h3
Qc1+ 27. Kh2 Qf4+ 28. Qg3 Qxg3+ 29. Kxg3 Kf7 30. Nd6+ Kf6 31. Nxb7 Ke5 32. Kf3
Kd4 33. Nd6 e5 34. Ke2 g6 35. f3 Kc3 36. Nb5+ Kb4 37. Nd6 Kc5 38. Nb7+ Kc4 39.
Kd2 Kd4 40. Na5 Kc5 41. Kd3 Kb5 42. Nb7 Kc6 43. Nd8+ Kd7 44. Nf7 e4+ 45. fxe4
dxe4+ 46. Kxe4 Ke7 47. Ng5 h6 48. Nf3 Kf6 49. g3 g5 50. h4 g4 51. Nh2 h5 52.
Kf4 1-0

[Event "MMaS_2014_U16"]
[Site "?"]
[Date "2014.10.27"]
[Round "5.1"]
[White "Lojek, Marek"]
[Black "Zeman, Radek"]
[Result "1-0"]
[WhiteElo "1806"]
[BlackElo "1909"]
[PlyCount "97"]
[EventDate "2014.??.??"]

1. e4 c5 2. Nf3 Nc6 3. d4 cxd4 4. Nxd4 Nf6 5. Nc3 d6 6. Be2 e5 7. Nb3 Be7 8.
Be3 O-O 9. f3 a6 10. Nd5 Nxd5 11. exd5 Nb8 12. c4 a5 13. O-O a4 14. Nd2 Bg5 15.
Bxg5 Qxg5 16. Ne4 Qd8 17. Qe1 f5 18. Nc3 Nd7 19. Qf2 Nc5 20. Rab1 f4 21. b4
axb3 22. axb3 Bf5 23. Rb2 Ra3 24. b4 Nd3 25. Bxd3 Bxd3 26. Rc1 Bxc4 27. Nb1 Rd3
28. Rd2 Rb3 29. Nc3 Rxb4 30. Ne4 b5 31. h3 Qb8 32. Qh4 h6 33. Qg4 Qa7+ 34. Kh2
Qe7 35. Rg1 Rb3 36. g3 Rd3 37. Rxd3 Bxd3 38. Qg6 Bxe4 39. Qxe4 Qf6 40. g4 Ra8
41. Qb1 Ra3 42. Qf1 Qh4 43. Rg2 Rb3 44. Qc1 Qf6 45. Qc8+ Kh7 46. Qc2+ e4 47.
Qxb3 exf3 48. Qxf3 Qe5 49. Re2 1-0

[Event "MMaS_2014_U16"]
[Site "?"]
[Date "2014.10.27"]
[Round "5.2"]
[White "Sikora, Matous"]
[Black "Kuchar, Matej"]
[Result "1/2-1/2"]
[WhiteElo "1665"]
[BlackElo "1940"]
[PlyCount "53"]
[EventDate "2014.??.??"]

1. e4 c5 2. Nf3 d6 3. Bb5+ Bd7 4. Bxd7+ Qxd7 5. O-O Nc6 6. c3 g6 7. d4 cxd4 8.
cxd4 Bg7 9. Nc3 Nf6 10. h3 O-O 11. Be3 Rfd8 12. Qe2 e5 13. Rfd1 Qe8 14. d5 Ne7
15. Rac1 a6 16. Bb6 Rdc8 17. Nd2 Nd7 18. Na4 Rxc1 19. Rxc1 Nc8 20. Nc4 Qe7 21.
Qe3 Bf8 22. Na5 Bh6 23. Rxc8+ Rxc8 24. Qxh6 Nxb6 25. Nxb6 Rc2 26. Nac4 Qc7 27.
Qg5 1/2-1/2

[Event "MMaS_2014_U16"]
[Site "?"]
[Date "2014.10.27"]
[Round "5.3"]
[White "Stepan, Patrik"]
[Black "Kopcova, Ludmila"]
[Result "1-0"]
[WhiteElo "1932"]
[BlackElo "1674"]
[PlyCount "94"]
[EventDate "2014.??.??"]

1. d4 d5 2. c4 e6 3. Nc3 Nf6 4. Nf3 Nbd7 5. e3 a6 6. Bd3 dxc4 7. Bxc4 b5 8. Be2
Bb7 9. Qc2 c5 10. O-O Rc8 11. dxc5 Bxc5 12. a3 O-O 13. b4 Bd6 14. Bb2 Qc7 15.
h3 Ne5 16. Nd4 Nc4 17. Bxc4 Qxc4 18. Rac1 Be5 19. Qd2 Rfd8 20. Nce2 Qd5 21. f3
Bxd4 22. Qxd4 Qxd4 23. Bxd4 Ne8 24. Rfd1 h6 25. Bc5 Bd5 26. Kf2 Bc4 27. e4 Nf6
28. Ng3 Nh7 29. Nf1 Bxf1 30. Kxf1 e5 31. Ke2 f6 32. Rd5 Rxd5 33. exd5 Rd8 34.
Rd1 Kf7 35. Ke3 f5 36. f4 e4 37. Kd4 Kf6 38. Bb6 Rd7 39. Kc5 Ke7 40. d6+ Ke6
41. Rd5 g6 42. Re5+ Kf7 43. Kc6 Nf6 44. Bc5 h5 45. g3 Kg7 46. Re6 Rd8 47. Bd4
Re8 1-0

[Event "MMaS_2014_U16"]
[Site "Hotel Dlouhé Stránì, Louèná na"]
[Date "2014.10.27"]
[Round "5.4"]
[White "Sigut, David"]
[Black "Danek, Daniel"]
[Result "1-0"]
[WhiteElo "1540"]
[BlackElo "1921"]
[PlyCount "114"]
[EventDate "2014.10.25"]

1. Nf3 Nf6 2. g3 g6 3. Bg2 Bg7 4. O-O O-O 5. d4 d6 6. c4 Nbd7 7. Nc3 c6 8. e4
e5 9. b3 exd4 10. Nxd4 Re8 11. Bb2 Nc5 12. Qc2 Ng4 13. Rad1 a5 14. Nf3 Qc7 15.
Rfe1 Ne5 16. Nxe5 dxe5 17. Ba3 Qb6 18. Rd6 Ne6 19. Nd5 Qa7 20. Rxe6 Bxe6 21.
Nc7 b5 22. Nxe8 Rxe8 23. cxb5 cxb5 24. Qc5 Qxc5 25. Bxc5 Rc8 26. Bd6 Rc2 27.
Ra1 Bf8 28. Bxe5 Bc5 29. Kh1 Bxf2 30. Rd1 Bb6 31. Ra1 Bg4 32. a3 Be3 33. Bd6
Bd4 34. Rb1 f6 35. h3 Be2 36. g4 Kf7 37. Bg3 Ke6 38. Be1 Bb6 39. a4 b4 40. Bg3
Rd2 41. Re1 Rd1 42. Rxd1 Bxd1 43. Bf1 Bxb3 44. Bb5 g5 45. Kg2 Bc2 46. Bc4+ Ke7
47. e5 b3 48. exf6+ Kxf6 49. Be1 Ke7 50. Bc3 Kd6 51. Kf3 Bd8 52. Ke3 Kc5 53.
Bb5 Bc7 54. Bb2 Bf4+ 55. Ke2 Kb4 56. Kf3 Bd2 57. Be5 Ka3 1-0

[Event "MMaS_2014_U16"]
[Site "Hotel Dlouhé Stránì, Louèná na"]
[Date "2014.10.27"]
[Round "5.6"]
[White "Hartingerova, Martina"]
[Black "Havelka, Ondrej"]
[Result "0-1"]
[WhiteElo "1478"]
[BlackElo "1766"]
[PlyCount "60"]
[EventDate "2014.10.25"]

1. d4 d5 2. c4 e6 3. cxd5 exd5 4. Nc3 Nf6 5. Bg5 Be7 6. Nf3 O-O 7. e3 c6 8. Bd3
Bg4 9. O-O Nbd7 10. Rb1 Ne4 11. Bf4 f5 12. Qc2 Nxc3 13. bxc3 g5 14. Be5 Bxf3
15. gxf3 Nxe5 16. dxe5 Qd7 17. e6 Qxe6 18. Rxb7 Bd6 19. Rd1 Qe5 20. Kf1 Rf6 21.
c4 d4 22. exd4 Qxh2 23. Bxf5 Re8 24. Bxh7+ Kh8 25. Be4 Qh1+ 26. Ke2 Qxf3+ 27.
Kd2 Bf4+ 28. Ke1 Rxe4+ 29. Qxe4 Qxe4+ 30. Kf1 Rh6 0-1

[Event "MMaS_2014_U16"]
[Site "Hotel Dlouhé Stránì, Louèná na"]
[Date "2014.10.27"]
[Round "5.8"]
[White "Kubosova, Jana"]
[Black "Husek, Martin"]
[Result "1-0"]
[WhiteElo "1640"]
[BlackElo "1883"]
[Annotator "Doe,John"]
[PlyCount "44"]
[EventDate "2014.10.25"]

1. d4 Nf6 2. Nf3 d5 3. Bf4 c5 4. e3 Nc6 5. c3 Qb6 6. Qc2 Bf5 7. dxc5 Bxc2 8.
cxb6 axb6 9. Na3 Bg6 10. Bc7 Nd7 11. Nb5 h6 12. Be2 Bh7 13. O-O g5 14. Rfd1 e6
15. Nfd4 Nxd4 16. cxd4 f5 17. Bh5+ Ke7 18. Rdc1 Kf6 19. f4 Bb4 20. Rc2 Bg6 21.
Be2 Ne5 22. fxe5+ Ke7 {Dále neèitelné} 1-0

[Event "MMaS_2014_U16"]
[Site "Hotel Dlouhé Stránì, Louèná na"]
[Date "2014.10.27"]
[Round "5.9"]
[White "Kovarík, Matyas"]
[Black "Mrkus, Frantisek"]
[Result "0-1"]
[WhiteElo "1854"]
[BlackElo "1757"]
[PlyCount "98"]
[EventDate "2014.10.25"]

1. e4 e5 2. Nf3 Nc6 3. Nc3 Nf6 4. d4 exd4 5. Nxd4 Bb4 6. Nxc6 bxc6 7. Bd3 d5 8.
exd5 cxd5 9. O-O O-O 10. Bg5 c6 11. Qf3 Be7 12. h3 h6 13. Bf4 Nh7 14. Rad1 Ng5
15. Qg3 Re8 16. Rfe1 Kf8 17. Re2 Ne6 18. Be5 Bh4 19. Qg4 Bf6 20. Rde1 Bxe5 21.
Rxe5 Rb8 22. b3 Qa5 23. Na4 Nc7 24. Rxe8+ Nxe8 25. Qe2 Be6 26. Qe3 d4 27. Qe5
Qxe5 28. Rxe5 Bd5 29. Nc5 Rd8 30. Kf1 Nc7 31. g3 Ne6 32. Nxe6+ Bxe6 33. h4 Rd5
34. Re1 Ra5 35. a4 Ke7 36. Bc4 Rc5 37. Re4 Kf6 38. Rxd4 Ke5 39. Rf4 Bxc4+ 40.
bxc4 f5 41. Ke2 g5 42. Rf3 Rxc4 43. Kd3 Rxa4 44. Re3+ Re4 45. Rxe4+ fxe4+ 46.
Kc4 a5 47. hxg5 hxg5 48. c3 Kd6 49. Kd4 c5+ 0-1

[Event "MMaS_2014_U16"]
[Site "Hotel Dlouhé Stránì, Louèná na"]
[Date "2014.10.27"]
[Round "5.12"]
[White "Skalsky, Alexandr"]
[Black "Matonoha, Petr"]
[Result "1-0"]
[WhiteElo "1767"]
[BlackElo "1559"]
[Annotator "Doe,John"]
[PlyCount "67"]
[EventDate "2014.10.25"]

1. e4 b6 2. d4 Bb7 3. Bd3 e6 4. f4 Nf6 5. Nd2 c5 6. c3 Nc6 7. Ngf3 Qc7 8. e5
Nd5 9. Ne4 cxd4 10. cxd4 Bb4+ 11. Kf2 h6 12. a3 Be7 13. h4 f6 14. Bd2 fxe5 15.
fxe5 Rf8 16. Rc1 Qd8 17. Kg1 Nf4 18. Bxf4 Rxf4 19. g3 Rf8 20. Kh2 d5 21. Nc3 a6
22. Rf1 Kd7 23. h5 Bg5 24. Nxg5 Qxg5 25. Na4 Kc7 26. Bg6 Rad8 27. Qb3 Qd2+ 28.
Kh3 b5 29. Nc5 Bc8 30. Rfd1 Qf2 31. Rc2 Qf3 32. Rdc1 Qxb3 33. Nxb3 Bd7 34. Na5
1-0

[Event "MMaS_2014_U16"]
[Site "?"]
[Date "2014.10.27"]
[Round "6.1"]
[White "Stepan, Patrik"]
[Black "Lojek, Marek"]
[Result "1/2-1/2"]
[WhiteElo "1932"]
[BlackElo "1806"]
[PlyCount "35"]
[EventDate "2014.??.??"]

1. d4 d5 2. c4 e6 3. Nf3 Nf6 4. Nc3 Nbd7 5. e3 a6 6. Bd3 dxc4 7. Bxc4 b5 8. Bd3
Bb7 9. e4 c5 10. Bg5 Be7 11. e5 Nd5 12. Bxe7 Qxe7 13. Ne4 O-O 14. dxc5 Nf4 15.
O-O Nxd3 16. Qxd3 Nxc5 17. Nxc5 Qxc5 18. Rac1 1/2-1/2

[Event "MMaS_2014_U16"]
[Site "?"]
[Date "2014.10.27"]
[Round "6.2"]
[White "Danek, Daniel"]
[Black "Sikora, Matous"]
[Result "1-0"]
[WhiteElo "1921"]
[BlackElo "1665"]
[PlyCount "77"]
[EventDate "2014.??.??"]

1. d4 Nf6 2. Nf3 e6 3. e3 b6 4. Bd3 Bb7 5. O-O d6 6. b3 Nbd7 7. Bb2 Be7 8. Nbd2
O-O 9. c4 c5 10. Qc2 h6 11. Rad1 Qc7 12. Qb1 Rac8 13. Rfe1 d5 14. cxd5 Nxd5 15.
Rc1 Qb8 16. Ne5 Nxe5 17. dxe5 Rfd8 18. Nc4 Nb4 19. Bh7+ Kh8 20. a3 Nc6 21. a4
Ba6 22. f4 Bxc4 23. bxc4 Nb4 24. Be4 Nc6 25. Rf1 Qc7 26. Rf3 Rf8 27. g4 f6 28.
Rh3 Rcd8 29. exf6 Bxf6 30. g5 Bxb2 31. Qxb2 Nd4 32. gxh6 g5 33. exd4 Qxf4 34.
d5+ e5 35. Re1 g4 36. Rh5 Rde8 37. Bg2 g3 38. hxg3 Qxg3 39. Rexe5 1-0

[Event "MMaS_2014_U16"]
[Site "?"]
[Date "2014.10.27"]
[Round "6.3"]
[White "Havelka, Ondrej"]
[Black "Zeman, Radek"]
[Result "1-0"]
[WhiteElo "1766"]
[BlackElo "1909"]
[PlyCount "67"]
[EventDate "2014.??.??"]

1. d4 Nf6 2. c4 g6 3. Nc3 d5 4. cxd5 Nxd5 5. e4 Nxc3 6. bxc3 Bg7 7. Bc4 O-O 8.
Ne2 c5 9. O-O Nc6 10. Be3 Qc7 11. Rc1 Rd8 12. Qd2 a6 13. Rfd1 b5 14. Bd5 Bb7
15. Bh6 Bh8 16. Qg5 e6 17. Bb3 c4 18. Bc2 Qe7 19. Qg4 Bg7 20. Bxg7 Kxg7 21. Nf4
Rac8 22. e5 Kh8 23. h4 Qf8 24. h5 Qg7 25. hxg6 hxg6 26. Bxg6 fxg6 27. Nxe6 Qf7
28. Nxd8 Nxd8 29. d5 Kg7 30. Qd4 Kg8 31. f3 Qf5 32. e6 Qf8 33. Qe4 Qe8 34. e7
1-0

[Event "MMaS_2014_U16"]
[Site "?"]
[Date "2014.10.27"]
[Round "6.4"]
[White "Bares, Jachym"]
[Black "Prochazka, Ludvik"]
[Result "1-0"]
[WhiteElo "1998"]
[BlackElo "1798"]
[PlyCount "71"]
[EventDate "2014.10.25"]

1. e4 c5 2. Nf3 d6 3. d4 cxd4 4. Nxd4 Nf6 5. Nc3 a6 6. Be3 e5 7. Nb3 Be7 8. Bc4
Be6 9. Bd5 Qc7 10. O-O Nbd7 11. a4 O-O 12. a5 Rac8 13. Rc1 Nxd5 14. Nxd5 Bxd5
15. Qxd5 Nf6 16. Qd3 Qc4 17. f3 Rc6 18. Rfd1 Rfc8 19. Qxc4 Rxc4 20. c3 Rd8 21.
Nd2 Rc6 22. c4 Rdc8 23. Rb1 Bd8 24. b4 b5 25. cxb5 axb5 26. Nb3 Rc4 27. Rbc1
Ne8 28. Rxc4 Rxc4 29. Rc1 Rxc1+ 30. Nxc1 Nc7 31. Bb6 Kf8 32. Bxc7 Bxc7 33. Ne2
Ke7 34. Nc3 Kd7 35. Nxb5 Bb8 36. a6 1-0

[Event "MMaS_2014_U16"]
[Site "?"]
[Date "2014.10.27"]
[Round "6.5"]
[White "Mrkus, Frantisek"]
[Black "Kubosova, Jana"]
[Result "1-0"]
[WhiteElo "1757"]
[BlackElo "1640"]
[PlyCount "111"]
[EventDate "2014.10.25"]

1. e4 c5 2. Nf3 e6 3. d4 cxd4 4. Nxd4 Nf6 5. Nc3 Nc6 6. Ndb5 Bb4 7. a3 Bxc3+ 8.
Nxc3 d5 9. exd5 exd5 10. Bg5 O-O 11. Be2 Bf5 12. Qd2 d4 13. Na4 Qd5 14. Bxf6
gxf6 15. O-O-O b5 16. Nc3 Qc5 17. Nxb5 Rac8 18. g4 Na5 19. Nxd4 Nb3+ 20. Nxb3
Qxc2+ 21. Qxc2 Bxc2 22. Kd2 Bxb3 23. Rc1 Rfd8+ 24. Bd3 Bc4 25. Rc3 Rc6 26. b3
Bb5 27. Rd1 Re6 28. Kc2 Bxd3+ 29. Rcxd3 Rxd3 30. Rxd3 Re2+ 31. Rd2 Re4 32. f3
Re3 33. Rd7 Rxf3 34. Rxa7 Rf2+ 35. Kc3 Rxh2 36. Rd7 f5 37. gxf5 h5 38. Rd2 Rh1
39. b4 h4 40. Rg2+ Kf8 41. Kb2 h3 42. Rg4 h2 43. Rh4 Ke7 44. Ka2 Kd6 45. b5 Kc5
46. a4 f6 47. Rh6 Rf1 48. Rxh2 Rxf5 49. Rc2+ Kb6 50. Kb3 Rf1 51. Rc6+ Kb7 52.
Kb4 Rb1+ 53. Ka5 f5 54. Rf6 Rc1 55. Rf7+ Kb8 56. Kb6 1-0

[Event "MMaS_2014_U16"]
[Site "?"]
[Date "2014.10.27"]
[Round "6.6"]
[White "Kuchar, Matej"]
[Black "Zajicek, Tomas"]
[Result "0-1"]
[WhiteElo "1940"]
[BlackElo "1942"]
[PlyCount "104"]
[EventDate "2014.10.25"]

1. e4 c5 2. Nf3 Nc6 3. d4 cxd4 4. Nxd4 g6 5. Nc3 Bg7 6. Be3 Nf6 7. Bc4 d6 8. f3
O-O 9. Bb3 Bd7 10. Qd2 Na5 11. O-O-O Nxb3+ 12. axb3 Qa5 13. h4 h5 14. Bg5 b5
15. g4 b4 16. Nb1 hxg4 17. h5 gxh5 18. Bh6 Qc5 19. Bxg7 Kxg7 20. Rdg1 Rg8 21.
fxg4 Bxg4 22. Nf5+ Kf8 23. Nh6 Rg6 24. Nxg4 Nxg4 25. Re1 Nf6 26. Qh2 Qe5 27.
Qe2 Rg4 28. Nd2 Qg5 29. Qd3 Rg2 30. Rd1 Nd7 31. Qf3 Ne5 32. Qxh5 Qxh5 33. Rxh5
Kg7 34. Rdh1 Rg8 35. Nf1 Kf8 36. Ne3 Rg1+ 37. Rxg1 Rxg1+ 38. Kd2 e6 39. Nc4
Rg2+ 40. Kd1 Nxc4 41. bxc4 e5 42. c5 Ke7 43. cxd6+ Kxd6 44. Rh7 Ke6 45. Rh3 Rg4
46. Re3 f5 47. exf5+ Kxf5 48. Kd2 Rd4+ 49. Ke2 Re4 50. c3 Rxe3+ 51. Kxe3 bxc3
52. bxc3 a5 0-1

[Event "MMaS_2014_U16"]
[Site "?"]
[Date "2014.10.27"]
[Round "6.8"]
[White "Halamicek, Radek"]
[Black "Sedlak, Jiri"]
[Result "0-1"]
[WhiteElo "1562"]
[BlackElo "1703"]
[PlyCount "54"]
[EventDate "2014.10.25"]

1. e4 e5 2. Nf3 Nc6 3. Bb5 a6 4. Ba4 Nf6 5. O-O b5 6. Bb3 Be7 7. Re1 O-O 8. c3
d5 9. exd5 Nxd5 10. Nxe5 Nxe5 11. Rxe5 c6 12. d4 Bd6 13. Re1 Qh4 14. g3 Qh3 15.
Qf3 Bg4 16. Qg2 Qh5 17. Nd2 Rae8 18. Rxe8 Rxe8 19. Bxd5 Re1+ 20. Nf1 cxd5 21.
h4 Be2 22. Qh3 Rxf1+ 23. Kh2 Rxf2+ 24. Kg1 Rf1+ 25. Kh2 h6 26. b3 Qf3 27. Qg2
Rf2 0-1

[Event "MMaS_2014_U16"]
[Site "?"]
[Date "2014.10.27"]
[Round "6.9"]
[White "Kopcova, Ludmila"]
[Black "Sigut, David"]
[Result "0-1"]
[WhiteElo "1674"]
[BlackElo "1540"]
[PlyCount "58"]
[EventDate "2014.10.25"]

1. e4 e6 2. d4 d5 3. exd5 exd5 4. Bd3 Bd6 5. Qf3 c6 6. Ne2 Ne7 7. O-O Ng6 8. c3
Qc7 9. h3 Be6 10. Qe3 O-O 11. f4 Bd7 12. f5 Re8 13. Qf2 Nf8 14. Bf4 Na6 15. f6
g6 16. Qh4 Ne6 17. Bxd6 Qxd6 18. Nd2 c5 19. Nf3 cxd4 20. Nexd4 Nac5 21. Nxe6
Nxe6 22. Rae1 Nf4 23. Rxe8+ Rxe8 24. Bb1 Ne2+ 25. Kf2 Qb6+ 26. Nd4 Qxb2 27. Nc2
Qxc3 28. Re1 Qc5+ 29. Kf3 d4 0-1